Riadenie tekutinových systémov 2011 zborník abstraktov : XI. medzinárodná vedecká a odborná konferencia : Zuberec, Slovensko 11. 5.-13. 5. 2011
| Corporate Author: | |
|---|---|
| Format: | Conference Proceeding Book |
| Language: | Slovak English Czech |
| PhysicalDescription: | 31 s. fotogr., grafy, sch., tab. 21 cm Vydaný aj zborník príspevkov v elektronickej forme |
| Published: |
Žilina
Hydropneutech
2011
|
| ISBN: | 9788096815081 |
| Edition: | 1. vyd. |
| Subjects: |
MARC
| LEADER | 00000nam a22000005a 4500 | ||
|---|---|---|---|
| 001 | vtls010284046 | ||
| 003 | SK-MaSNL | ||
| 005 | 20260301031821.0 | ||
| 008 | 250414s2011 xo dol f a 100 0 slo | ||
| 015 | |a SNBA2011/09-05019 | ||
| 020 | |a 9788096815081 |q (brož.) | ||
| 035 | |a 26767811-252c-4f06-af63-846256f9b920 | ||
| 035 | |a urn:nbn:sk:snk-amjrc4 | ||
| 035 | |a urn:nbn:sk:snk:ar-008x3h | ||
| 040 | |a SNK |b slo |c SNK |e AACR2 | ||
| 041 | 0 | |a eng |a cze |a slo |b eng | |
| 044 | |a xo |c SK | ||
| 072 | 7 | |a 532 |x Mechanika tekutín všeobecne. Mechanika kvapalín |2 konspekt | |
| 080 | |a 532 |2 2001 | ||
| 080 | |a 621.22 |2 2001 | ||
| 080 | |a (048.3) |2 2001 | ||
| 080 | |a (062.534) |2 2001 | ||
| 111 | 2 | |a Riadenie tekutinových systémov |n (11. : |d 2011 : |c Zuberec, Slovensko) |9 156357 | |
| 245 | 0 | 0 | |a Riadenie tekutinových systémov 2011 |b zborník abstraktov : XI. medzinárodná vedecká a odborná konferencia : Zuberec, Slovensko 11. 5.-13. 5. 2011 |c [kolektív autorov] |
| 250 | |a 1. vyd. | ||
| 260 | |a Žilina |b Hydropneutech |c 2011 | ||
| 300 | |a 31 s. |b fotogr., grafy, sch., tab. |c 21 cm | ||
| 366 | |e 100 výt. | ||
| 500 | |a Náz. z obalu | ||
| 504 | |a Bibliogr. odkazy | ||
| 530 | |a Vydaný aj zborník príspevkov v elektronickej forme | ||
| 546 | |a Text aj slov. a čes. Res. angl. | ||
| 650 | 0 | 7 | |a hydromechanika |2 SNKPH |9 67353 |
| 650 | 0 | 7 | |a hydraulika |2 SNKPH |9 20899 |
| 650 | 0 | 7 | |a Hydromechanics |2 SNKPHeng |9 267190 |
| 650 | 0 | 7 | |a Hydraulic engineering |2 SNKPHeng |9 267850 |
| 650 | 0 | 7 | |a mechanika tekutín |2 SNKPH |9 3673 |
| 650 | 0 | 7 | |a Fluid mechanics |2 SNKPHeng |9 318017 |
| 655 | 7 | |a abstrakty |2 SNKPH |9 22516 | |
| 655 | 7 | |a zborníky konferencií |2 SNKPH |9 70153 | |
| 655 | 7 | |a Abstracts |2 SNKPHeng |9 275616 | |
| 655 | 7 | |a Proceedings of conferences |2 SNKPHeng |9 265791 | |
| 655 | 7 | |a issue_zb |2 SNK |9 276493 | |
| 776 | 1 | |t Riadenie tekutinových systémov 2011 |w vtls010285317 | |
| 852 | |a Slovenská národná knižnica | ||
| 919 | |a 978-80-968150-8-1 | ||
| 954 | |a odborná, vedecká literatúra pôvodná (slovenská) |2 lita | ||
| 954 | |a odborná, vedecká literatúra cudzojazyčná (svetová) |2 lita | ||
| 958 | |a ART | ||
| 958 | |a NB | ||
| 958 | |a OND | ||
| 968 | |d 53+54 | ||
| 999 | |c 577365 |d 579295 | ||
| 952 | |a SNK |b SNK |y PREZ |7 0 |p 17A0704146 |o snkSC 145740 |i snk2011/13079 |8 0 |0 0 |1 0 |4 0 |d 2011-06-07 |f 1 |l 0 |r 2025-07-15 00:00:00 |w 2026-02-23 | ||
| 952 | |a SNK |b SNK |y VYP |7 0 |p 17A0704145 |o snkSC 145740 D1 |i snk2011/13081 |8 0 |0 0 |1 0 |4 0 |d 2011-06-07 |f 1 |l 0 |r 2026-02-23 14:38:03 |w 2026-02-23 | ||


